| 000 | 00669cab a2200241 4500 | ||
|---|---|---|---|
| 001 | ABS60156 | ||
| 008 | 090401t1999 xxu||||| |||| 00| 0 eng d | ||
| 035 | _a(Sirsi) u91450 | ||
| 041 | _aeng | ||
| 100 | _aCline, R.S. | ||
| 245 | _aREIT toll | ||
| 260 | _c1999 | ||
| 350 | _a0 | ||
| 490 |
_aUrban Land _v58(1) January 1999, 58-88(5) |
||
| 520 | _aProvides an overview of hotel real estate investment trusts in the USA and looks back at the development of REITs. | ||
| 650 | _aHOTEL INDUSTRY | ||
| 650 | _aHOTELS | ||
| 650 | _aREITS | ||
| 650 | _aRETROSPECTIVE | ||
| 690 | _aPROPERTY-PROPERTY FINANCE AND INVESTMENT | ||
| 942 | _n0 | ||
| 948 | _c19/02/1999 | ||
| 999 |
_c58056 _d58056 |
||